00427nam a22001337a 450000500170000000800410001704100230005808200120008110000230009324500680011626000600018430000240024465000250026820240822085345.0240822b |||||||| |||| 00| 0 eng d aEnglish/Afrikaans  a349 UNI lEnglish/Afrikaans  aThe Union Statutes: Classified and Annotated Reprint 1910-1947  aDurban: bButterworth and Company (Africa) Ltd, c1949  b45 pages; c24 cm.  aLegal practice bLaw